| 000 | 00446nam a2200181Ia 4500 | ||
|---|---|---|---|
| 001 | 25077 | ||
| 005 | 20260414151126.0 | ||
| 008 | 260414t2008||||xx |||||||||||||| ||spa|| | ||
| 041 | _aESP | ||
| 082 |
_a346.2 _bA32 2008 |
||
| 100 |
_aAguilar Llanos, Benjamín _eAUT |
||
| 245 | 0 |
_aLa familia en el código civil peruano _b |
|
| 260 | _c2008 | ||
| 300 |
_a632 páginas : _ccm. |
||
| 650 | _aDER | ||
| 654 | _aCDE | ||
| 942 |
_cLIB _dJUS _fJUS _2ddc _n |
||
| 999 |
_c25077 _d25077 |
||